000 00682nam a2200193Ia 4500
003 GCL
008 140319s9999 xx 000 0 ara d
040 _aGCL /
_cGCL
082 0 4 _a248.01
_bع ش
100 1 _aعبدالحميد الشواربى
_vPurified
_@
…هذب
245 1 0 _aالشهادة فى المواد المدنية والتجارية والجنائية والاحوال الشخصية /
_cعبدالحميد الشواربى
260 _a[S.N] :
_bدار المطبوعات الجامعية ،
_c1992
300 _a436 ص
490 _a
650 0 4 _aالقانون
650 0 4 _aشهادة الشهود
650 0 4 _aالاثبات
942 _2ddc
_cBK
999 _c54062
_d54062